000 00588nam a22002417a 4500
003 UA-OsUOA
001 20430
007 ta
008 20031028b un ||||| |||| 00| 0 ukr d
100 _aСумленова Елизавета
090 _a913 (599)
_bС89
942 _cBK
040 _aUA-OsUOA
_brus
_cUA-OsUOA
_dUA-OsUOA
245 _aОстрова Сампагиты
300 _a143 с.
_bІлюстрації
955 _a0
041 _arus
080 _a913 (599)
260 _aМосква
_bМысль
_c1985
044 _aRU
650 7 _2UDC
999 _c306607
_d306607